Problems In Organic Chemistry (Record no. 41193)

MARC details
000 -LEADER
fixed length control field 00491nam a2200193Ia 4500
008 - FIXED-LENGTH DATA ELEMENTS--GENERAL INFORMATION
fixed length control field 220531s9999 xx 000 0 und d
041 ## - LANGUAGE CODE
Language code of text/sound track or separate title eng
082 ## - DEWEY DECIMAL CLASSIFICATION NUMBER
Classification number 547
Item number PRO / SIN
100 ## - MAIN ENTRY--PERSONAL NAME
Personal name Singh, K.
9 (RLIN) 73928
245 ## - TITLE STATEMENT
Title Problems In Organic Chemistry
250 ## - EDITION STATEMENT
Edition statement 1ST
260 ## - PUBLICATION, DISTRIBUTION, ETC. (IMPRINT)
Place of publication, distribution, etc. New Delhi
Name of publisher, distributor, etc. Wiley
Date of publication, distribution, etc. 2016
300 ## - PHYSICAL DESCRIPTION
Extent 502
542 ## - INFORMATION RELATING TO COPYRIGHT STATUS
Copyright holder 16-03-2017
551 ## -
-- Science
-- Non-grant-SCI
650 ## - SUBJECT ADDED ENTRY--TOPICAL TERM
Topical term or geographic name as entry element Organic Chemistry
9 (RLIN) 73929
906 ## - LOCAL DATA ELEMENT F, LDF (RLIN)
d 2016-2017
f 10624
Holdings
Withdrawn status Lost status Source of classification or shelving scheme Damaged status Not for loan Collection code Home library Current library Date acquired Vendor Cost, normal purchase price Total Checkouts Total Holds Full call number Barcode Date last seen Cost, replacement price Bill Date Koha item type Original Barcode
    Dewey Decimal Classification       Shri Siddhivinayak Mahila Mahavidyalaya Shri Siddhivinayak Mahila Mahavidyalaya 28/03/2017 Vaibhav 599.00   1 547/PRO/SIN/B/21525 SSMM-BK-21525 06/08/2022 599.00 06/08/2022 Books 010021525